[Event "Lisbon Portugal rapid op"]
[Site "Lisbon"]
[Date "2022.09.04"]
[Round "11"]
[White "Corte Real, Carlos Alberto Mor"]
[Black "Simoes, John William"]
[Result "1/2-1/2"]
[WhiteElo "1577"]
[BlackElo "1905"]
[PlyCount "159"]
[EventDate "2022.09.03"]
[EventType "swiss (rapid)"]
[EventRounds "11"]
[EventCountry "POR"]
[SourceTitle "CBM 210 Extra"]
[Source "ChessBase"]
[SourceDate "2022.11.30"]
[SourceVersion "1"]
[SourceVersionDate "2022.11.30"]
[SourceQuality "1"]

1. e4 c5 2. Nf3 d6 3. d4 cxd4 4. Nxd4 Nf6 5. Nc3 a6 6. Be2 e6 7. Be3 Be7 8. g4 h6 9. Qd2 b5 10. f3 Bb7 11. 0-0-0 Nbd7 12. h4 b4 13. Na4 d5 14. g5 Ng8 15. exd5 Bxd5 16. Nf5 Bc6 17. Nxe7 Nxe7 18. Nc5 Nxc5 19. Qxd8+ Rxd8 20. Rxd8+ Kxd8 21. Bxc5 hxg5 22. Rd1+ Ke8 23. hxg5 Bb7 24. Bxb4 Rh5 25. f4 Rh2 26. Bc4 Nd5 27. Bxd5 Bxd5 28. Re1 Kd7 29. b3 Rf2 30. c4 Bc6 31. Rd1+ Kc8 32. Rd6 Kc7 33. Rd2 Rf1+ 34. Kb2 Kc8 35. Bd6 g6 36. c5 Bd5 37. Kc3 Kb7 38. Kd4 Re1 39. Rd3 Re4+ 40. Kc3 Kc6 41. Rd4 Re2 42. a3 a5 43. b4 Ra2 44. a4 Ra3+ 45. Kd2 Rxa4 46. b5+ Kxb5 47. Rxa4 Kxa4 48. Kc3 Kb5 49. Kb2 Bc6 50. Ka3 Kc4 51. Kb2 a4 52. Ka3 Kd5 53. Kb2 Ke4 54. Ka3 Kf5 55. Kb2 f6 56. gxf6 Kxf6 57. Ka3 g5 58. fxg5+ Kxg5 59. Kb2 Kf5 60. Ka3 Ke4 61. Kb2 Kd3 62. Ka3 Kc3 63. Be5+ Kc4 64. Bd6 Kd5 65. Kb4 e5 66. Ka3 e4 67. Kb4 e3 68. Bg3 Ke4 69. Be1 Kd3 70. Ka3 Kc4 71. Kb2 Kxc5 72. Kc3 Bd5 73. Kd3 a3 74. Kxe3 Kc4 75. Bh4 a2 76. Bf6 Kb3 77. Kf2 Kc2 78. Kg3 Kb1 79. Kf4 a1Q 80. Bxa1 1/2-1/2

[Event "Lisbon Portugal rapid op"]
[Site "Lisbon"]
[Date "2022.09.03"]
[Round "6"]
[White "Dias, Ricardo Pedro Cruz"]
[Black "Simoes, John William"]
[Result "1-0"]
[WhiteElo "2195"]
[BlackElo "1905"]
[PlyCount "87"]
[EventDate "2022.09.03"]
[EventType "swiss (rapid)"]
[EventRounds "11"]
[EventCountry "POR"]
[SourceTitle "CBM 210 Extra"]
[Source "ChessBase"]
[SourceDate "2022.11.30"]
[SourceVersion "1"]
[SourceVersionDate "2022.11.30"]
[SourceQuality "1"]

1. e4 c5 2. Nf3 d6 3. d4 cxd4 4. Nxd4 Nf6 5. Nc3 a6 6. Nb3 e6 7. g4 Be7 8. Bg2 Nc6 9. g5 Nd7 10. f4 h6 11. h4 hxg5 12. hxg5 Rxh1+ 13. Bxh1 Qb6 14. Qg4 Nd4 15. Nxd4 Qxd4 16. Bd2 Nf8 17. 0-0-0 Bd7 18. Qg3 Qc5 19. Be3 Qc7 20. Bd4 g6 21. f5 Rc8 22. Rd2 b5 23. e5 b4 24. Ne4 exf5 25. exd6 Qc4 26. dxe7 fxe4 27. exf8Q+ Kxf8 28. Qd6+ Ke8 29. Qe5+ Be6 30. Qh8+ Kd7 31. Qf6 Qxa2 32. Be5+ Kc6 33. Bxe4+ Kb6 34. Bd4+ Ka5 35. Rd3 Qa1+ 36. Kd2 Qb1 37. Qe5+ Ka4 38. b3+ Bxb3 39. cxb3+ Qxb3 40. Rxb3 Kxb3 41. Qd5+ Ka3 42. Bc2 Rc3 43. Bxc3 bxc3+ 44. Kxc3 1-0

[Event "Lisbon Portugal rapid op"]
[Site "Lisbon"]
[Date "2017.02.11"]
[Round "4"]
[White "Simoes, John William"]
[Black "Dias, Jose Oliveira Gaspa"]
[Result "1-0"]
[WhiteElo "1960"]
[BlackElo "1650"]
[PlyCount "75"]
[EventDate "2017.02.11"]
[EventType "swiss (rapid)"]
[EventRounds "8"]
[EventCountry "POR"]
[SourceTitle "CBM 176 Extra"]
[Source "ChessBase"]
[SourceDate "2017.03.02"]
[SourceVersion "1"]
[SourceVersionDate "2017.03.02"]
[SourceQuality "1"]

1. e4 d5 2. exd5 Qxd5 3. Nc3 Qd6 4. Nf3 Nf6 5. d4 a6 6. Be2 Bg4 7. 0-0 Nc6 8. Be3 0-0-0 9. a3 h6 10. b4 Bxf3 11. Bxf3 Nxd4 12. Rb1 e5 13. a4 g5 14. b5 a5 15. Ne4 Nxf3+ 16. Qxf3 Nxe4 17. Qxe4 Qe6 18. b6 c6 19. h3 f5 20. Qf3 e4 21. Qe2 f4 22. Bc1 Bb4 23. Bb2 Rd2 24. Qh5 Rhd8 25. c3 Bc5 26. Bc1 R2d3 27. Bxf4 gxf4 28. Qxc5 f3 29. Qxa5 fxg2 30. Qa8+ Kd7 31. Qxb7+ Ke8 32. Rfe1 R8d7 33. Qb8+ Rd8 34. Qf4 Qxh3 35. Rxe4+ Kd7 36. Qf7+ Kd6 37. Qe7+ Kd5 38. Qe5# 1-0

[Event "Lisbon Odisseias rapid op 1st"]
[Site "Lisbon"]
[Date "2015.08.12"]
[Round "2"]
[White "Alexandre, Jorge"]
[Black "Simoes, John William"]
[Result "1-0"]
[WhiteElo "2250"]
[BlackElo "1929"]
[PlyCount "99"]
[EventDate "2015.08.13"]
[EventType "swiss (rapid)"]
[EventRounds "7"]
[EventCountry "POR"]
[SourceTitle "EXT 2018"]
[Source "ChessBase"]
[SourceDate "2017.10.13"]
[SourceVersion "1"]
[SourceVersionDate "2017.10.13"]
[SourceQuality "1"]

1. f4 d5 2. Nf3 e6 3. e3 Nf6 4. b3 Be7 5. Bb2 0-0 6. Be2 c5 7. 0-0 Nc6 8. Ne5 Bd7 9. d3 a6 10. Nd2 Ne8 11. Ndf3 f6 12. Nxd7 Qxd7 13. e4 d4 14. a4 Nc7 15. a5 e5 16. Bc1 Bd6 17. f5 Nb5 18. Nd2 Nc3 19. Qe1 Bc7 20. Nc4 Na7 21. Bd2 Nab5 22. g4 Nxe2+ 23. Qxe2 Nd6 24. g5 fxg5 25. Bxg5 Nxc4 26. bxc4 Bd8 27. Bd2 b5 28. axb6 Bxb6 29. Rfb1 Bd8 30. Qe1 Qf7 31. Kh1 Qh5 32. Qd1 Qh3 33. Rb7 Rf7 34. Rxf7 Kxf7 35. Ba5 Bg5 36. Qf1 Qxf1+ 37. Rxf1 Rb8 38. Bc7 Rb2 39. Bxe5 Rxc2 40. Ra1 Bf6 41. Bd6 Rc3 42. Rxa6 Rxd3 43. e5 Bd8 44. Ra7+ Ke8 45. Bxc5 Rd1+ 46. Kg2 d3 47. e6 Re1 48. Rxg7 Re2+ 49. Kf3 Be7 50. Rg8+ 1-0

[Event "Lisbon Odisseias rapid op 1st"]
[Site "Lisbon"]
[Date "2015.08.12"]
[Round "4"]
[White "Reis, Luis Sousa"]
[Black "Simoes, John William"]
[Result "1-0"]
[WhiteElo "2175"]
[BlackElo "1929"]
[PlyCount "83"]
[EventDate "2015.08.13"]
[EventType "swiss (rapid)"]
[EventRounds "7"]
[EventCountry "POR"]
[SourceTitle "EXT 2018"]
[Source "ChessBase"]
[SourceDate "2017.10.13"]
[SourceVersion "1"]
[SourceVersionDate "2017.10.13"]
[SourceQuality "1"]

1. e4 c5 2. Nc3 e6 3. Nf3 d5 4. exd5 exd5 5. Bb5+ Nc6 6. 0-0 Nf6 7. Ne5 Qd6 8. Re1 Be6 9. d3 0-0-0 10. Bxc6 bxc6 11. Bf4 Qe7 12. Nxc6 Qb7 13. Nxd8 Kxd8 14. b3 Kd7 15. Na4 Be7 16. c3 Qc6 17. d4 Rc8 18. Nxc5+ Bxc5 19. dxc5 Qxc5 20. c4 Ng4 21. Bg3 Nf6 22. cxd5 Nxd5 23. Rc1 Qb6 24. Rxc8 Kxc8 25. Qd2 Kd7 26. Qg5 g6 27. Qh6 Qb4 28. Rd1 Qa3 29. Qf4 Ke7 30. Bh4+ Ke8 31. Qe5 Qc5 32. Qh8+ Kd7 33. Qd8+ Kc6 34. Bg5 Kb7 35. Rc1 Nc3 36. Qd2 f6 37. Be3 Qc6 38. Rxc3 Qe4 39. Qd3 Qg4 40. Qb5+ Ka8 41. Qc6+ Kb8 42. Qc7+ 1-0

[Event "Lisbon Christmas op"]
[Site "Lisbon"]
[Date "2014.12.29"]
[Round "6"]
[White "Rodriguez Ferreiros, Andres"]
[Black "Simoes, John William"]
[Result "0-1"]
[WhiteElo "1473"]
[BlackElo "1941"]
[PlyCount "64"]
[EventDate "2014.12.26"]
[EventType "swiss"]
[EventRounds "9"]
[EventCountry "POR"]
[SourceTitle "EXT 2018"]
[Source "ChessBase"]
[SourceDate "2017.10.13"]
[SourceVersion "1"]
[SourceVersionDate "2017.10.13"]
[SourceQuality "1"]

1. e4 c5 2. Nf3 d6 3. d4 cxd4 4. Nxd4 Nf6 5. Nc3 a6 6. Bc4 e6 7. f3 Be7 8. Be3 0-0 9. Qd2 Qc7 10. Bb3 b5 11. h4 Nc6 12. g4 Na5 13. g5 Nh5 14. Nce2 Bd7 15. f4 Nc4 16. Bxc4 Qxc4 17. f5 e5 18. Nb3 Qxe4 19. Rf1 Bxf5 20. 0-0-0 Bg6 21. Rh1 Rac8 22. Nc3 Qb7 23. Na1 Rfd8 24. Rhg1 b4 25. Nd5 Bf8 26. Bb6 Rd7 27. Be3 Rb8 28. Qg2 Kh8 29. Qd2 a5 30. Rg4 Bf5 31. Rgg1 Be4 32. Nb3 a4 0-1

[Event "Lisbon Christmas op"]
[Site "Lisbon"]
[Date "2014.12.29"]
[Round "7"]
[White "Simoes, John William"]
[Black "Medarde Santiago, Luis Marcos"]
[Result "1-0"]
[WhiteElo "1941"]
[BlackElo "2212"]
[PlyCount "101"]
[EventDate "2014.12.26"]
[EventType "swiss"]
[EventRounds "9"]
[EventCountry "POR"]
[SourceTitle "CBM 164 Extra"]
[Source "ChessBase"]
[SourceDate "2015.03.02"]
[SourceVersion "1"]
[SourceVersionDate "2015.03.02"]
[SourceQuality "1"]

1. e4 c5 2. Nf3 Nc6 3. d4 cxd4 4. Nxd4 g6 5. Nxc6 bxc6 6. Qd4 Nf6 7. e5 Nd5 8. e6 Nf6 9. exf7+ Kxf7 10. Bd3 Bg7 11. 0-0 Re8 12. f4 Ng4 13. Qc4+ d5 14. Qxc6 Bd4+ 15. Kh1 e6 16. h3 Qh4 17. Nd2 Nf2+ 18. Kh2 Nxd3 19. cxd3 Qe7 20. Nf3 Bb7 21. Qc2 Bf6 22. Ne5+ Kg8 23. Be3 Rac8 24. Qd2 d4 25. Bxd4 Red8 26. Bc3 Qd6 27. d4 Qd5 28. Rf2 Bh4 29. g3 Bf6 30. h4 Rf8 31. Re1 Qxa2 32. Nd7 Rf7 33. Nxf6+ Rxf6 34. d5 Rff8 35. Qd4 Rxc3 36. bxc3 Qxd5 37. Qxd5 Bxd5 38. Ra1 Rc8 39. Rc2 Be4 40. Rcc1 Rc7 41. c4 Kf7 42. c5 Kf6 43. g4 h5 44. g5+ Kf5 45. Kg3 Rb7 46. c6 Rb3+ 47. Kf2 Kxf4 48. c7 Rb2+ 49. Ke1 Ke3 50. Ra3+ Bd3 51. Rxd3+ 1-0

[Event "Lisbon Check Mate op 1st"]
[Site "Lisbon"]
[Date "2013.08.15"]
[Round "6.6"]
[White "Carneiro, Carlos Alberto Carv"]
[Black "Simoes, John William"]
[Result "1/2-1/2"]
[WhiteElo "2211"]
[BlackElo "1987"]
[PlyCount "109"]
[EventDate "2013.08.10"]
[EventType "swiss"]
[EventRounds "7"]
[EventCountry "POR"]
[SourceTitle "EXT 2015"]
[Source "ChessBase"]
[SourceDate "2014.11.20"]
[SourceVersion "1"]
[SourceVersionDate "2014.11.20"]
[SourceQuality "1"]

1. d4 d5 2. Nf3 Nf6 3. c4 c6 4. Nc3 a6 5. c5 g6 6. Bf4 Bg7 7. e3 0-0 8. Be2 Nbd7 9. 0-0 h6 10. h3 Re8 11. b4 Nh7 12. a4 Nhf8 13. b5 g5 14. bxc6 bxc6 15. Bg3 Nxc5 16. Rc1 Nb7 17. Na2 Bd7 18. Nb4 Qb6 19. Nd3 Rec8 20. Rb1 Qa7 21. Qb3 Nd6 22. Nc5 Rcb8 23. Qa3 a5 24. Ne5 Be8 25. Bd3 Rxb1 26. Rxb1 Rb8 27. Rxb8 Qxb8 28. Qb3 Qa7 29. Nf3 Nd7 30. Bxd6 exd6 31. Qb7 Qb6 32. Qc8 dxc5 33. Qxe8+ Nf8 34. h4 Bf6 35. hxg5 hxg5 36. Ne5 Bxe5 37. Qxe5 Ne6 38. Bf5 c4 39. Bxe6 fxe6 40. Qxe6+ Kg7 41. Qf5 c3 42. Qxg5+ Kf7 43. Qf5+ Ke7 44. g4 Qb2 45. Qc8 c2 46. Qc7+ Ke8 47. Qxc6+ Ke7 48. Qc7+ Ke8 49. Qe5+ Kd7 50. Qxd5+ Ke7 51. Qc5+ Kd7 52. Qf5+ Kc7 53. Qc5+ Kd7 54. Qd5+ Kc7 55. Qc5+ 1/2-1/2

[Event "Lisbon Check Mate op 1st"]
[Site "Lisbon"]
[Date "2013.08.10"]
[Round "2.17"]
[White "Simoes, John William"]
[Black "Campos, Carlos Alberto Vieg"]
[Result "1-0"]
[WhiteElo "1987"]
[BlackElo "1631"]
[PlyCount "81"]
[EventDate "2013.08.10"]
[EventType "swiss"]
[EventRounds "7"]
[EventCountry "POR"]
[SourceTitle "EXT 2015"]
[Source "ChessBase"]
[SourceDate "2014.11.20"]
[SourceVersion "1"]
[SourceVersionDate "2014.11.20"]
[SourceQuality "1"]

1. e4 c5 2. Nf3 e6 3. d4 cxd4 4. Nxd4 a6 5. Bd3 Qc7 6. 0-0 Nf6 7. c4 Be7 8. Nc3 Nc6 9. Be3 Ne5 10. Rc1 d6 11. h3 0-0 12. b3 Nxd3 13. Qxd3 Bd7 14. f4 Rad8 15. f5 e5 16. Nf3 Bc6 17. Rc2 Qb8 18. g4 Ne8 19. g5 f6 20. h4 Nc7 21. Rg2 d5 22. exd5 b5 23. Qc2 Bb7 24. g6 h6 25. Qc1 b4 26. Ne2 Nxd5 27. cxd5 Bxd5 28. Rg3 Rc8 29. Qb1 Bc5 30. Bxc5 Rxc5 31. Nd2 Rfc8 32. Qd3 Qb6 33. Kh2 Bb7 34. Nc4 Qc6 35. Rd1 Rd5 36. Qxd5+ Qxd5 37. Rxd5 Bxd5 38. Nb6 Rc2 39. Nxd5 Rxe2+ 40. Rg2 Re4 41. Rc2 1-0

[Event "Wch Silent"]
[Site "St Gallen"]
[Date "2008.07.30"]
[Round "10"]
[White "Schmid, Jaroslav"]
[Black "Simoes, John William"]
[Result "1/2-1/2"]
[WhiteElo "2105"]
[BlackElo "2016"]
[PlyCount "129"]
[EventDate "2008.07.20"]
[EventType "swiss"]
[EventRounds "11"]
[EventCountry "SUI"]
[SourceTitle "EXT 2009"]
[Source "ChessBase"]
[SourceDate "2008.11.26"]
[SourceVersion "1"]
[SourceVersionDate "2008.11.26"]
[SourceQuality "1"]

1. d4 d5 2. c4 e6 3. Nf3 Nf6 4. g3 Bb4+ 5. Bd2 Be7 6. Bg2 0-0 7. 0-0 dxc4 8. Qc2 Nbd7 9. Qxc4 Nb6 10. Qc2 Nbd5 11. Nc3 c6 12. Rfd1 Bd7 13. e4 Nc7 14. e5 Nfd5 15. Ne4 h6 16. Rac1 b6 17. a3 a5 18. h4 Na6 19. Bf1 b5 20. Bd3 a4 21. Nc5 Nxc5 22. dxc5 f5 23. Bf1 Qe8 24. Bg2 Bd8 25. Nd4 Qg6 26. Qd3 Rb8 27. Re1 Be7 28. Kh2 Kh8 29. Bf3 Qh7 30. Kg2 g6 31. Bxd5 exd5 32. f4 h5 33. Qe2 Rb7 34. Bc3 Kg8 35. Ba5 Bd8 36. Bxd8 Rxd8 37. e6 Be8 38. Rc3 Qe7 39. Qd2 Rdb8 40. Re5 Rc8 41. Re2 Rcb8 42. Qe3 Ra8 43. Nc2 Rd8 44. Qd4 Kh7 45. Rce3 Kg8 46. Nb4 Kh7 47. Nd3 Kg8 48. Ne1 Rdb8 49. Nc2 Kh7 50. b3 Ra7 51. b4 Rd8 52. Ne1 Kg8 53. Nf3 Rc8 54. Ng5 Rca8 55. Kf1 Rc8 56. Re5 Rd8 57. Ke1 Rc7 58. Kd2 Ra7 59. Rf2 Rc8 60. g4 hxg4 61. h5 gxh5 62. Rxf5 Bg6 63. Re5 Rf8 64. Nf7 Qf6 65. Nd6 1/2-1/2

[Event "Wch Silent"]
[Site "St Gallen"]
[Date "2008.07.26"]
[Round "7"]
[White "Svec, Darko"]
[Black "Simoes, John William"]
[Result "1-0"]
[WhiteElo "1942"]
[BlackElo "2016"]
[PlyCount "93"]
[EventDate "2008.07.20"]
[EventType "swiss"]
[EventRounds "11"]
[EventCountry "SUI"]
[SourceTitle "EXT 2009"]
[Source "ChessBase"]
[SourceDate "2008.11.26"]
[SourceVersion "1"]
[SourceVersionDate "2008.11.26"]
[SourceQuality "1"]

1. d4 d5 2. Nc3 e6 3. e4 dxe4 4. Nxe4 Be7 5. Nf3 Nf6 6. Bd3 Nbd7 7. 0-0 0-0 8. Bg5 Nxe4 9. Bxe7 Qxe7 10. Bxe4 a5 11. a4 Nf6 12. Bd3 Nd5 13. c3 Qf6 14. Re1 c6 15. Qd2 h6 16. Ne5 Nf4 17. Bf1 Qg5 18. Kh1 Nd5 19. Qd3 Qf5 20. Qd2 Qg5 21. Qc2 g6 22. g3 h5 23. f4 Qf6 24. Bd3 Kg7 25. Qd2 Qd8 26. Re2 Rh8 27. h4 Bd7 28. Rae1 Be8 29. Nf3 Bd7 30. Ng5 Qc8 31. Bc2 Ne7 32. Qe3 Qb8 33. c4 Re8 34. Qc3 Kg8 35. d5 e5 36. Rxe5 Nf5 37. Rxe8+ Bxe8 38. Bxf5 cxd5 39. Bd3 Qd6 40. cxd5 Bxa4 41. Be4 Bd7 42. Qe5 Qb4 43. Qc3 Qb6 44. Bg2 a4 45. Ne4 Bf5 46. Nf6+ Kf8 47. Nd7+ 1-0

[Event "Wch Silent"]
[Site "St Gallen"]
[Date "2008.07.23"]
[Round "4"]
[White "Hoffmann, Rainer1"]
[Black "Simoes, John William"]
[Result "1-0"]
[WhiteElo "2121"]
[BlackElo "2016"]
[PlyCount "187"]
[EventDate "2008.07.20"]
[EventType "swiss"]
[EventRounds "11"]
[EventCountry "SUI"]
[SourceTitle "EXT 2009"]
[Source "ChessBase"]
[SourceDate "2008.11.26"]
[SourceVersion "1"]
[SourceVersionDate "2008.11.26"]
[SourceQuality "1"]

1. Nf3 Nf6 2. d4 d5 3. c4 e6 4. g3 Be7 5. Bg2 0-0 6. 0-0 c6 7. Qc2 Ne4 8. Nc3 f5 9. Ne5 Nd7 10. Bf4 g5 11. Nxd7 Bxd7 12. Be5 Bf6 13. Bxf6 Qxf6 14. Nxe4 fxe4 15. Rad1 g4 16. f3 exf3 17. exf3 gxf3 18. Bxf3 Qg5 19. Qc3 Rf7 20. Bg2 Raf8 21. Rxf7 Rxf7 22. b3 b6 23. Re1 Qg6 24. Qd2 Kg7 25. Qe3 Qh5 26. h4 Qf5 27. Rf1 Qh5 28. Re1 Qf5 29. Kh2 dxc4 30. Rf1 Qh5 31. Rxf7+ Kxf7 32. bxc4 Qf5 33. Be4 Qh5 34. Qf4+ Kg7 35. Qc7 Qf7 36. Bg2 Be8 37. Qb8 b5 38. c5 a5 39. Qa8 Qd7 40. Qb8 a4 41. a3 Kf8 42. Qe5 Kg8 43. Qg5+ Qg7 44. Qe3 Qf7 45. Bh3 Bd7 46. Qg5+ Kf8 47. Bg2 Qe7 48. Qf4+ Qf7 49. Qe5 Be8 50. Qe3 Bd7 51. g4 Qf6 52. Kg3 h6 53. Bf3 Qg7 54. g5 hxg5 55. hxg5 Qf7 56. Qe5 Kg8 57. Qb8+ Qf8 58. Qc7 Qe7 59. Qe5 Qf8 60. Bg4 Qf7 61. Be2 Qf5 62. Qxf5 exf5 63. Kf4 Kf7 64. Ke5 Ke7 65. d5 cxd5 66. Kxd5 Be6+ 67. Kd4 Bd7 68. Bf3 Kf7 69. c6 Bc8 70. Bh5+ Kg7 71. Kc5 f4 72. Kxb5 f3 73. Bxf3 Kg6 74. Kb6 Kxg5 75. Bd1 Kf5 76. Kc7 Ba6 77. Bxa4 Ke5 78. Kd7 Kd5 79. c7 Kc5 80. c8Q+ Bxc8+ 81. Kxc8 Kb6 82. Bd1 Ka7 83. Kc7 Ka6 84. Kc6 Ka5 85. Kc5 Ka6 86. Kb4 Kb6 87. a4 Ka6 88. Be2+ Kb6 89. a5+ Ka7 90. Kb5 Kb7 91. Bd3 Ka7 92. Be4 Kb8 93. Kb6 Kc8 94. a6 1-0

[Event "Wch Silent"]
[Site "St Gallen"]
[Date "2008.07.22"]
[Round "3"]
[White "Simoes, John William"]
[Black "Malyuga, Valentin"]
[Result "1/2-1/2"]
[WhiteElo "2016"]
[BlackElo "2273"]
[PlyCount "187"]
[EventDate "2008.07.20"]
[EventType "swiss"]
[EventRounds "11"]
[EventCountry "SUI"]
[SourceTitle "EXT 2009"]
[Source "ChessBase"]
[SourceDate "2008.11.26"]
[SourceVersion "1"]
[SourceVersionDate "2008.11.26"]
[SourceQuality "1"]

1. e4 g6 2. d4 Bg7 3. c4 d6 4. Be2 Nc6 5. Nf3 Bg4 6. Be3 e5 7. d5 Nce7 8. Nc3 Nf6 9. Qa4+ Bd7 10. Qc2 0-0 11. h3 c5 12. a4 a6 13. 0-0 h6 14. Qd2 Kh7 15. Bd3 Nfg8 16. Nh2 g5 17. g4 Ng6 18. Qe2 Nf4 19. Bxf4 gxf4 20. Qf3 Bf6 21. Kh1 Ne7 22. Qg2 Ng6 23. Nf3 Rg8 24. Rg1 Nh4 25. Nxh4 Bxh4 26. Qf3 Rg5 27. b3 Qf6 28. Ne2 Kg7 29. Rg2 Rg6 30. Kh2 Rg8 31. Rag1 Kf8 32. Nc3 Ke7 33. Bf1 Bg5 34. Rh1 Rh8 35. Be2 Bh4 36. Kg1 Rhg8 37. Rhh2 Rg5 38. Kf1 Qg6 39. Bd1 f6 40. Be2 Qg7 41. Bd1 Qf8 42. Nb1 Qc8 43. Ke1 Kf7 44. Be2 R8g7 45. Nc3 Qc7 46. Kd2 Qa5 47. Kc2 Rg8 48. Qd3 R5g7 49. Bf3 Rb8 50. Be2 Ke7 51. f3 Rbg8 52. Bf1 Rg5 53. Qe2 Be8 54. Kb2 R5g7 55. Kc2 Kd8 56. Qd2 Bg6 57. Bd3 Kc8 58. Na2 Be1 59. Qxa5 Bxa5 60. Nc3 Be8 61. Bf1 Kc7 62. Rh1 Kb6 63. Bd3 h5 64. Rgh2 Rh8 65. Be2 Bd7 66. Nd1 h4 67. Bd3 Bb4 68. Nc3 Ka5 69. Ra1 Kb6 70. Rf2 Ra8 71. Rff1 Rgg8 72. Ra2 Ba5 73. Ne2 Kc7 74. Rfa1 Ra7 75. Nc3 b6 76. Be2 Kb7 77. Bd3 Rga8 78. Kb2 Bb4 79. Kc2 Bxc3 80. Kxc3 b5 81. axb5 axb5 82. Rxa7+ Rxa7 83. Rxa7+ Kxa7 84. Bc2 Kb6 85. Kb2 Ka5 86. Ka3 Be8 87. Bd1 Bd7 88. Bc2 Bc8 89. Bd3 Ba6 90. Be2 bxc4 91. bxc4 Bc8 92. Bd1 Bd7 93. Bc2 Be8 94. Bd1 1/2-1/2

[Event "Wch Silent"]
[Site "Malente"]
[Date "2004.07.29"]
[Round "6"]
[White "Hoffmann, Rainer1"]
[Black "Simoes, John William"]
[Result "1-0"]
[WhiteElo "2139"]
[BlackElo "2048"]
[PlyCount "69"]
[EventDate "2004.07.25"]
[EventType "swiss"]
[EventRounds "9"]
[EventCountry "GER"]
[SourceTitle "EXT 2006"]
[Source "ChessBase"]
[SourceDate "2005.11.24"]
[SourceVersion "1"]
[SourceVersionDate "2005.11.24"]
[SourceQuality "1"]

1. d4 d5 2. Nf3 Nf6 3. c4 e6 4. Nc3 Be7 5. Bf4 c6 6. Qb3 Nbd7 7. h3 0-0 8. e3 Re8 9. Be2 Nf8 10. g4 Ng6 11. Bg3 Bd6 12. Bxd6 Qxd6 13. 0-0-0 b6 14. g5 Nd7 15. h4 Bb7 16. h5 Ngf8 17. Kb1 a6 18. e4 b5 19. c5 Qc7 20. e5 g6 21. Bd3 Re7 22. Qc2 Nb8 23. Rh4 Ra7 24. Nh2 Bc8 25. Ng4 Kg7 26. Rdh1 Kh8 27. Qc1 Qd8 28. Qf4 Rec7 29. Nf6 Rab7 30. Qh2 Ra7 31. Ne2 a5 32. Nf4 Na6 33. hxg6 fxg6 34. Nxg6+ Nxg6 35. Rxh7+ 1-0

[Event "Wch Silent"]
[Site "Malente"]
[Date "2004.07.28"]
[Round "5"]
[White "Simoes, John William"]
[Black "Vujcic, Toni"]
[Result "0-1"]
[WhiteElo "2048"]
[BlackElo "2128"]
[PlyCount "106"]
[EventDate "2004.07.25"]
[EventType "swiss"]
[EventRounds "9"]
[EventCountry "GER"]
[SourceTitle "EXT 2006"]
[Source "ChessBase"]
[SourceDate "2005.11.24"]
[SourceVersion "1"]
[SourceVersionDate "2005.11.24"]
[SourceQuality "1"]

1. e4 e5 2. Nf3 Nc6 3. Bb5 a6 4. Ba4 Be7 5. 0-0 Nf6 6. Re1 b5 7. Bb3 d6 8. c3 Bg4 9. d3 Na5 10. Bc2 c5 11. Nbd2 0-0 12. Nf1 Re8 13. h3 Bd7 14. Ng3 Qc8 15. b3 b4 16. d4 bxc3 17. dxe5 dxe5 18. Qd3 c4 19. Qxc3 cxb3 20. Qxa5 Bd8 21. Qd2 bxc2 22. Ba3 Qc4 23. Rec1 Rc8 24. Ne1 Ba4 25. Nd3 Bb6 26. Nb2 Qb5 27. Qg5 h6 28. Qd2 Bd4 29. Nf5 Bxb2 30. Bxb2 Qxb2 31. Qa5 Qb5 32. Qxb5 axb5 33. Nd6 Rcd8 34. Nxe8 Nxe8 35. a3 Rd1+ 36. Kh2 Nc7 37. Kg3 Ne6 38. Kf3 Nd4+ 39. Ke3 Kf8 40. g3 Ke7 41. f4 f6 42. h4 h5 43. f5 Kd6 44. Kf2 Kc5 45. g4 hxg4 46. Kg3 Kc4 47. Kxg4 Kd3 48. Kh5 Kxe4 49. Kg6 Nxf5 50. h5 Kf4 51. h6 gxh6 52. Kxf6 e4 53. Ke6 e3 0-1

[Event "Wch Silent"]
[Site "Malente"]
[Date "2004.07.26"]
[Round "3"]
[White "Collutiis, Duilio"]
[Black "Simoes, John William"]
[Result "1-0"]
[WhiteElo "2387"]
[BlackElo "2048"]
[PlyCount "97"]
[EventDate "2004.07.25"]
[EventType "swiss"]
[EventRounds "9"]
[EventCountry "GER"]
[SourceTitle "EXT 2006"]
[Source "ChessBase"]
[SourceDate "2005.11.24"]
[SourceVersion "1"]
[SourceVersionDate "2005.11.24"]
[SourceQuality "1"]

1. e4 c5 2. Nf3 d6 3. d4 cxd4 4. Qxd4 Nc6 5. Bb5 Bd7 6. Bxc6 Bxc6 7. Nc3 Nf6 8. Bg5 e6 9. 0-0-0 Be7 10. Qd3 Qc7 11. Kb1 Rd8 12. Rhe1 0-0 13. h4 d5 14. e5 Ne4 15. Qe3 Nxc3+ 16. Qxc3 h6 17. Bxe7 Qxe7 18. Rd4 Rc8 19. Qd2 f5 20. g3 a6 21. Ng1 Bb5 22. Nh3 Rc4 23. Rxc4 Bxc4 24. Nf4 Re8 25. a4 a5 26. Qxa5 Kf7 27. h5 Qd7 28. Qb4 Ra8 29. b3 Ba6 30. g4 fxg4 31. Ng6 Kg8 32. Qxg4 d4 33. Nf4 Re8 34. Rd1 b6 35. Qg6 Kf8 36. c3 d3 37. c4 d2 38. Qd3 Qxd3+ 39. Nxd3 Rd8 40. Rxd2 Bb7 41. Kc1 Be4 42. Nf4 Rxd2 43. Kxd2 Bf5 44. f3 Ke7 45. b4 Kd7 46. Kc3 Kc6 47. b5+ Kc5 48. Ne2 g6 49. Nd4 1-0

[Event "Wch Silent"]
[Site "Malente"]
[Date "2004.07.25"]
[Round "2"]
[White "Simoes, John William"]
[Black "Bairamov, Ata"]
[Result "1-0"]
[WhiteElo "1805"]
[BlackElo "1805"]
[PlyCount "33"]
[EventDate "2004.07.25"]
[EventType "swiss"]
[EventRounds "9"]
[EventCountry "GER"]
[SourceTitle "EXT 2006"]
[Source "ChessBase"]
[SourceDate "2005.11.24"]
[SourceVersion "1"]
[SourceVersionDate "2005.11.24"]
[SourceQuality "1"]

1. e4 c6 2. d4 d5 3. Nc3 dxe4 4. Nxe4 Bf5 5. Ng3 Bg6 6. Nf3 Nd7 7. Bd3 e6 8. 0-0 Ngf6 9. Ng5 Bxd3 10. Qxd3 h6 11. Nxe6 Qb6 12. Nxf8 Kxf8 13. b3 Re8 14. Nf5 Qc7 15. Ba3+ c5 16. dxc5 Nxc5 17. Qg3 1-0

[Event "Batalha dos Mestres op 2nd"]
[Site "Lisbon"]
[Date "2003.10.09"]
[Round "7.9"]
[White "Simoes, John William"]
[Black "Rodrigues, Luis Eugenio"]
[Result "1-0"]
[WhiteElo "2082"]
[BlackElo "1887"]
[PlyCount "95"]
[EventDate "2003.10.01"]
[EventType "swiss"]
[EventRounds "9"]
[EventCountry "POR"]
[SourceTitle "CBM 097 Extra"]
[Source "ChessBase"]
[SourceDate "2004.01.13"]
[SourceVersion "1"]
[SourceVersionDate "2004.01.13"]
[SourceQuality "1"]

1. e4 c6 2. d4 d5 3. Nc3 dxe4 4. Nxe4 Bf5 5. Ng3 Bg6 6. Nf3 e6 7. Bd3 Bxd3 8. Qxd3 Qa5+ 9. c3 Qa6 10. Qc2 Nf6 11. Ne2 c5 12. 0-0 cxd4 13. Nexd4 Be7 14. a4 Nbd7 15. h3 Rc8 16. Bf4 Nd5 17. Bh2 0-0 18. Qd1 Qb6 19. Qe2 Rfe8 20. Rfe1 Bf6 21. a5 Qc5 22. Qb5 Qxb5 23. Nxb5 Ra8 24. c4 Nb4 25. Rad1 Nc5 26. Nc7 Bxb2 27. Nxe8 Rxe8 28. Bd6 Nba6 29. Bxc5 Nxc5 30. Re2 Bc3 31. Ra2 a6 32. Kf1 Rc8 33. Ng1 h6 34. Ne2 Bf6 35. f3 Nb3 36. Ra3 Nc5 37. Nc1 Bb2 38. Ra2 Bf6 39. Ke2 Rc7 40. Nd3 Nb3 41. Rb1 Nd4+ 42. Kd2 Rd7 43. f4 Nf5 44. g4 Nd6 45. Rc2 Bd4 46. Ke2 Ne4 47. Ne5 Nc3+ 48. Rxc3 1-0